00467nam a2200193 a 4500001001300000003000900013005001700022008004100039020000800080082001600088100002300104245001500127260004000142300000900182500003500191505000800226650001600234700002300250nice12345678IN_TiNIC20260116011259.0050524s1964 dela grp 000 0 urd  ac300a297.7bMAU4 aMaudoodi, Abulaala aTanqeehaat aDelhibMarkazi Maktaba Islamic1964 a236p aincludes index and biblioraphy2 aIll aDawah-Islam1 aMaudoodi, Abulaala